000 00281nam a2200121Ia 4500
008 191206s9999 xx 000 0 und d
020 _a0855323388 :
090 _aDT465W57H37
245 0 _aWiriyamu
260 _aSearch Press
260 _cc1974
300 _a158 p. : maps. ; 21 cm.
999 _c17298
_d17298